[Event "Mediterranean-ch 13th"]
[Site "Platja d'Aro"]
[Date "2023.11.11"]
[Round "9"]
[White "Garcia Rodriguez, Laia"]
[Black "Leon Escoda, Manuel"]
[Result "0-1"]
[WhiteElo "1824"]
[BlackElo "1682"]
[PlyCount "102"]
[EventDate "2023.11.04"]
[EventType "swiss"]
[EventRounds "9"]
[EventCountry "ESP"]
[SourceTitle "CB46_2023"]
[SourceDate "2023.11.15"]
[SourceVersion "1"]
[SourceVersionDate "2023.11.15"]
[SourceQuality "1"]

1. e4 c5 2. Nc3 d6 3. g3 g6 4. Bg2 Bg7 5. d3 e5 6. Be3 Ne7 7. Qd2 0-0 8. Bh6 Nbc6 9. Bxg7 Kxg7 10. Nge2 Be6 11. 0-0 Rc8 12. f4 f5 13. Rf2 Nd4 14. Raf1 Qd7 15. exf5 Bxf5 16. fxe5 dxe5 17. Nxd4 cxd4 18. Ne4 Nd5 19. g4 Bxe4 20. dxe4 Ne3 21. Rxf8 Rxf8 22. Rxf8 Kxf8 23. h3 Qb5 24. c3 Qc4 25. a3 Qc5 26. cxd4 exd4 27. Kf2 Ke7 28. Bf3 Ke6 29. Ke2 Ke5 30. b4 Qc4+ 31. Qd3 Qa2+ 32. Ke1 Qxa3 33. Qxa3 Nc2+ 34. Kd2 Nxa3 35. Kd3 b5 36. Bd1 Nc4 37. Bb3 g5 38. Ba2 Nb2+ 39. Kc2 Na4 40. Bd5 Nc3 41. Bc6 a6 42. Bb7 Nxe4 43. Kd3 Nd6 44. Bc6 h6 45. Bd7 Kd5 46. Bf5 Nc4 47. Be4+ Ke5 48. Bg6 Nb2+ 49. Kc2 Na4 50. Kd3 Nb6 51. Bf5 Nd5 0-1

[Event "Mediterranean-ch 13th"]
[Site "Platja d'Aro"]
[Date "2023.11.10"]
[Round "8"]
[White "Garcia Rodriguez, Laia"]
[Black "Giro Castellet, Esteve"]
[Result "1/2-1/2"]
[WhiteElo "1824"]
[BlackElo "1633"]
[PlyCount "75"]
[EventDate "2023.11.04"]
[EventType "swiss"]
[EventRounds "9"]
[EventCountry "ESP"]
[SourceTitle "CB46_2023"]
[SourceDate "2023.11.15"]
[SourceVersion "1"]
[SourceVersionDate "2023.11.15"]
[SourceQuality "1"]

1. e4 d5 2. exd5 Nf6 3. Nc3 Nxd5 4. Nf3 e6 5. Bc4 c6 6. 0-0 Be7 7. d4 0-0 8. Nxd5 exd5 9. Bd3 Bg4 10. c3 Nd7 11. Bf4 Nf6 12. h3 Bh5 13. Be2 Ne4 14. Ne5 Bxe2 15. Qxe2 Bg5 16. Qe3 f6 17. Bxg5 Nxg5 18. Nd3 Qc7 19. Qd2 Rae8 20. Rfe1 Ne4 21. Qc2 Re7 22. Re3 Rfe8 23. Rae1 Ng5 24. Qc1 Ne4 25. b3 Nd6 26. c4 dxc4 27. bxc4 Nf5 28. Rxe7 Rxe7 29. Rxe7 Nxe7 30. Qe3 b6 31. Qe6+ Kf8 32. d5 cxd5 33. cxd5 Qc4 34. Ne1 Qxd5 35. Qe2 Qe5 36. Qd2 Qd5 37. Qe2 Qe5 38. Qd2 1/2-1/2

[Event "Foment Martinenc op-A 23rd"]
[Site "Barcelona"]
[Date "2023.05.13"]
[Round "4"]
[White "Torrent San Nicolas, Biel"]
[Black "Garcia Rodriguez, Laia"]
[Result "1-0"]
[WhiteElo "1915"]
[BlackElo "1805"]
[PlyCount "41"]
[EventDate "2023.04.22"]
[EventType "swiss"]
[EventRounds "9"]
[EventCountry "ESP"]
[SourceTitle "EXT 2024"]
[Source "ChessBase"]
[SourceDate "2023.10.10"]
[SourceVersion "1"]
[SourceVersionDate "2023.10.10"]
[SourceQuality "1"]

1. e4 c6 2. d3 d5 3. Nd2 dxe4 4. dxe4 e5 5. Ngf3 Qc7 6. Nc4 Nd7 7. Bd2 b5 8. Ba5 Qb8 9. Ncxe5 Bb4+ 10. Bxb4 Nxe5 11. Qd4 Nxf3+ 12. gxf3 Nf6 13. 0-0-0 Be6 14. Rg1 a5 15. Bc5 Qxh2 16. Rg3 Qh6+ 17. Kb1 Nd7 18. Qd6 Qf6 19. f4 Rd8 20. e5 Qh4 21. Rg5 1-0

[Event "ESP-ch U12"]
[Site "Salobrena"]
[Date "2022.07.13"]
[Round "4"]
[White "Marin Ferragut, Pau"]
[Black "Garcia Rodriguez, Laia"]
[Result "1-0"]
[WhiteElo "2155"]
[BlackElo "1809"]
[PlyCount "119"]
[EventDate "2022.07.04"]
[EventType "swiss"]
[EventRounds "9"]
[EventCountry "ESP"]
[SourceTitle "EXT 2023"]
[Source "ChessBase"]
[SourceDate "2022.10.05"]
[SourceVersion "1"]
[SourceVersionDate "2022.10.05"]
[SourceQuality "1"]

1. c4 e5 2. Nc3 Nc6 3. Nf3 g6 4. d4 exd4 5. Nxd4 Bg7 6. Nc2 d6 7. g3 Nge7 8. Bg2 0-0 9. 0-0 Be6 10. Nd5 Qd7 11. e4 Rae8 12. Rb1 Ne5 13. b3 Nxd5 14. cxd5 Bh3 15. Ne3 Bxg2 16. Kxg2 Qe7 17. Qc2 Rc8 18. Ba3 Rfe8 19. Rfe1 Nd7 20. Nc4 Nb6 21. Na5 Rb8 22. Rbc1 Rec8 23. Qd3 Qd7 24. f4 f5 25. exf5 Qxf5 26. Qxf5 gxf5 27. Red1 Kf7 28. h3 h5 29. Kf3 Kg6 30. Nc4 Nxc4 31. Rxc4 Bf8 32. Rdc1 c6 33. dxc6 bxc6 34. Rxc6 Rd8 35. Ra6 Rd7 36. Rcc6 Rbd8 37. Ra5 Bg7 38. Rd5 Bf8 39. Ra6 Kf6 40. Raa5 Ke6 41. Rxf5 Bg7 42. Rxh5 d5 43. Ke3 Rc7 44. f5+ Kf7 45. Rc5 d4+ 46. Kd3 Re7 47. f6 Re3+ 48. Kd2 Bxf6 49. Rhf5 Re6 50. g4 Kg6 51. Bb2 Rdd6 52. g5 Bg7 53. Rfd5 Bh8 54. Rxd6 Rxd6 55. Kd3 Bg7 56. h4 Kh5 57. Rc7 Bf8 58. Rf7 Rd8 59. Rh7+ Kg6 60. Rxa7 1-0

[Event "Barbera del Valles op 44th"]
[Site "Barbera del Valles"]
[Date "2022.07.05"]
[Round "2"]
[White "Perez Bolanos, Joel"]
[Black "Garcia Rodriguez, Laia"]
[Result "1-0"]
[WhiteElo "2036"]
[BlackElo "1809"]
[PlyCount "71"]
[EventDate "2022.07.04"]
[EventType "swiss"]
[EventRounds "9"]
[EventCountry "ESP"]
[SourceTitle "EXT 2023"]
[Source "ChessBase"]
[SourceDate "2022.10.05"]
[SourceVersion "1"]
[SourceVersionDate "2022.10.05"]
[SourceQuality "1"]

1. d4 c5 2. d5 Nf6 3. Nc3 g6 4. e4 d6 5. Be2 Bg7 6. Nf3 0-0 7. 0-0 Na6 8. Bf4 Nc7 9. a4 Rb8 10. Nd2 b6 11. Bg3 a6 12. f4 b5 13. axb5 axb5 14. Bf3 b4 15. Ne2 Bb7 16. c4 Nd7 17. Qc2 Ra8 18. Bg4 e6 19. dxe6 fxe6 20. Bf3 Qe7 21. h4 Nb6 22. e5 d5 23. Rac1 Na6 24. Rfd1 d4 25. Bxb7 Qxb7 26. b3 Nc7 27. Ne4 Qc6 28. h5 Ra5 29. hxg6 hxg6 30. Nd6 Kh7 31. Bh4 Nc8 32. Ne4 Qe8 33. Rd3 Kg8 34. Rh3 Qf7 35. Nf6+ Bxf6 36. Bxf6 1-0

[Event "Sitges Sunway op 8th"]
[Site "Sitges"]
[Date "2021.12.14"]
[Round "2"]
[White "Crevatin, Leo"]
[Black "Garcia Rodriguez, Laia"]
[Result "1-0"]
[WhiteElo "2238"]
[BlackElo "1568"]
[PlyCount "65"]
[EventDate "2021.12.13"]
[EventType "swiss"]
[EventRounds "10"]
[EventCountry "ESP"]
[SourceTitle "CBM 205 Extra"]
[Source "ChessBase"]
[SourceDate "2022.01.31"]
[SourceVersion "1"]
[SourceVersionDate "2022.01.31"]
[SourceQuality "1"]

1. d4 d5 2. c4 e6 3. Nc3 Nf6 4. Nf3 Be7 5. Bf4 c6 6. e3 0-0 7. Bd3 Nbd7 8. c5 b6 9. b4 Bb7 10. 0-0 h6 11. h3 Re8 12. Qb3 Bf8 13. a4 bxc5 14. bxc5 Bc8 15. Bh2 a5 16. Rab1 g6 17. Rfe1 Bg7 18. e4 dxe4 19. Nxe4 Nxe4 20. Bxe4 Ra6 21. Bd6 Nf6 22. Bd3 Ra8 23. Ne5 Bd7 24. Qb7 Qc8 25. Qxc8 Rexc8 26. Rb6 Nd5 27. Nxd7 Bxd4 28. Rb7 Nb4 29. Bc4 Re8 30. Ne5 Bxe5 31. Bxe5 Red8 32. Bd6 Nc2 33. Rxe6 1-0